000 00348nam a2200157Ia 4500
003 OSt
005 20240131104159.0
008 170524s9999 xx 000 0 und d
020 _a978-8171947379
040 _cIIMT UNIVERSITY
100 _aSarangi - P.
100 _c2010
245 0 _aResearch Methodology
260 _aTAXMAN
942 _2ddc
_c01
999 _c2483
_d2483